BSOP header

A rabbinic anthology, (Record no. 47685)

MARC details
000 -LEADER
fixed length control field 00687cam a2200241u 4500
001 - CONTROL NUMBER
control field 8779143
005 - DATE AND TIME OF LATEST TRANSACTION
control field 20190807112955.0
008 - FIXED-LENGTH DATA ELEMENTS--GENERAL INFORMATION
fixed length control field 830422s1938 enk 000 0 eng
010 ## - LIBRARY OF CONGRESS CONTROL NUMBER
LC control number 39008756
040 ## - CATALOGING SOURCE
Original cataloging agency DLC
Transcribing agency CarP
Modifying agency DLC
100 1# - MAIN ENTRY--PERSONAL NAME
Personal name Montefiore, C. G.
Fuller form of name (Claude Goldsmid),
Dates associated with a name 1858-1938,
Relator term ed. and tr.
245 12 - TITLE STATEMENT
Title A rabbinic anthology,
260 ## - PUBLICATION, DISTRIBUTION, ETC. (IMPRINT)
Place of publication, distribution, etc London :
Name of publisher, distributor, etc Macmillan and co., ltd.,
Date of publication, distribution, etc 1938.
300 ## - PHYSICAL DESCRIPTION
Extent cviii, 853 p. ;
Dimensions 23 cm.
336 ## - CONTENT TYPE
Content Type Term text
337 ## - MEDIA TYPE
Media Type Term unmediated
338 ## - CARRIER TYPE
Carrier Type Term volume
650 #0 - SUBJECT ADDED ENTRY--TOPICAL TERM
Topical term or geographic name as entry element Judaism.
650 #0 - SUBJECT ADDED ENTRY--TOPICAL TERM
Topical term or geographic name as entry element Jewish ethics.
650 #0 - SUBJECT ADDED ENTRY--TOPICAL TERM
Topical term or geographic name as entry element Jewish literature.
700 1# - ADDED ENTRY--PERSONAL NAME
Personal name Loewe, H.
Fuller form of name (Herbert),
Dates associated with a name 1882-1940,
Relator term joint ed. and tr.
942 ## - ADDED ENTRY ELEMENTS (KOHA)
Source of classification or shelving scheme Library of Congress Classification
Item type Books
Holdings
Withdrawn status Lost status Source of classification or shelving scheme Damaged status Not for loan Home library Current library Shelving location Date acquired Inventory number Total Checkouts Full call number Barcode Date last seen Price effective from Koha item type
    Library of Congress Classification     BSOP Library BSOP Library GC 08/07/2019 20751   BM40 L82 00020780 08/07/2019 08/07/2019 Books
BSOP

Biblical Seminary of the Philippines
  All rights Reserved
  © 2024

CONTACT INFORMATION

Biblical Seminary of the Philippines,
  77-B Karuhatan Road, Valenzuela City,
  PHILIPPINES 1441
  Phone: +632 8292-6795 / 8292-6798
  Fax : +632 8292-6675
  Email: library@bsop.edu.ph